000 00786nam a2200181Ia 4500
008 100920s9999 xx 000 0 und d
082 _b70578
_a891.43 थ 97
100 _aवर्मा रूपचंद.
245 _aभारतीय जनजातियां अतीत के झरोखे से.
260 _bसूचना और प्रसारण मन्त्रालय, भारत सरकार.
_c1997
300 _a289
_bसाधी
365 _b66
520 _aहिंदी.
630 _aभारतीय जनजातियां अतीत के झरोखे से.
650 _aहिंदी.
730 _aभारतीय जनजातियां अतीत के झरोखे से.
942 _cBOOK
999 _c712580
_d712577